|
|
|
|
| LEADER |
00905nam a2200253 a 4500 |
| 001 |
adlib96000001 |
| 003 |
ViArRB |
| 005 |
20151026132927.0 |
| 008 |
960221s1955 dcuabcdjdbkoqu001 0deng d |
| 020 |
|
|
|
| 022 |
|
|
|
| 040 |
|
|
|a Adlib
|
| 082 |
|
|
|a 621.383.8
|
| 245 |
|
|
|a Nonlinear Maximum Entropy Spectral Analysis Methods for Signal Recognition
|
| 250 |
|
|
|
| 260 |
|
|
|a Chhichester
|b Research studies press
|c 1982
|
| 300 |
|
|
|a ix, 170 p.
|
| 500 |
|
|
|a Bibliog p. 103-111.
|
| 100 |
|
|
|a Chen C.K.
|
| 700 |
|
|
|
| 942 |
|
|
|c BK
|6 _
|
| 653 |
|
|
|a Electronics
|a Amplifiers- electronics
|a Cybernetics
|a digital electronics
|a Electric conductors
|a Electronic circuits
|a Semiconductors
|a Superconductors
|a Transistors
|a Microelectronics
|a Semiconductor
|a Engineering
|a Technology
|
| 999 |
|
|
|c 59446
|d 59446
|
| 952 |
|
|
|0 0
|1 0
|4 0
|6 6213838_CHE
|7 0
|9 72112
|a UL
|b UL
|d 2010-11-24
|o 621.383.8 CHE
|p 00030745
|r 2010-11-24
|w 2010-11-24
|y BK
|